Paroles Comme un homme - Mulan - Statistiques

Statistiques générales
  • Ce quiz a été pris 6 641 fois
  • Le résultat moyen est 227 sur 273
Statistiques - réponses
Réponse % Correct
le
99%
de
98%
homme
98%
un
98%
les
97%
Les
97%
Je
96%
je
96%
Comme
95%
comme
95%
Vous
95%
vous
95%
des
94%
ne
94%
plus
94%
que
94%
et
93%
Et
93%
faire
92%
pas
92%
Pour
92%
pour
92%
du
90%
hommes
90%
hommes,
90%
en
89%
En
89%
fille
89%
vrais
89%
Huns
87%
cours
86%
la
86%
mon
84%
êtes
83%
défaire
82%
feu
82%
Mais
82%
mais
82%
n'en
82%
tout
82%
vois
82%
fillettes
81%
leur
81%
l'exercice
81%
Sois
81%
volcans
81%
Attaquons
80%
moi
80%
torrent
80%
donné
79%
fils
79%
l'Orient
78%
me
78%
ouragans
78%
saurai
78%
fragiles
76%
gym
76%
lune
75%
contre
74%
sécher
74%
violent
74%
ardent
73%
n'aurais
73%
tous
73%
serez
72%
au
71%
qui
71%
envers
70%
mes
70%
nuits
70%
puissant
70%
bande
69%
sont
69%
amis
68%
coeur
68%
flèche
68%
loin
68%
n'êtes
68%
plein
68%
qu'une
68%
sais
68%
très
68%
peux
67%
régime
67%
mettre
66%
chez
65%
femmelettes
65%
frappe
65%
J'aurais
65%
M'ont-ils
65%
par
65%
suis
65%
voyait
65%
s'il
64%
coup
63%
jours
63%
l'équilibre,
63%
rentrez
63%
Salue
63%
vainqueurs
63%
nage
62%
passent
62%
Secret
62%
Ce
61%
trouvant
61%
forts
59%
saurais
59%
nager
57%
chemin,
56%
vibre
56%
bien
55%
demain
55%
vaillants
55%
jamais
54%
Suivez
53%
vivrez
52%
bout,
44%
jusqu'au
43%
n'serez
37%
flanque
36%
gars-là
34%
fois
27%
nous
26%
Aucun quiz correspondant
Distribution des résultats
% des personnes avec chaque résultat
Percentile par nombre de réponses
Votre historique - résultats
Vous n’avez pas pris ce quiz